| 000 | 00441nam a2200181Ia 4500 | ||
|---|---|---|---|
| 001 | 1732 | ||
| 005 | 20260306143750.0 | ||
| 008 | 260306t1967||||xx |||||||||||||| ||spa|| | ||
| 041 | _aESP | ||
| 082 |
_a155.28 _bC78 |
||
| 100 |
_aCorman, Louis _eAUT |
||
| 245 | 0 |
_aEl test del dibujo de la familia: _ben la práctica médico - pedagógica |
|
| 260 | _c1967 | ||
| 300 |
_a _c |
||
| 650 | _aGEN | ||
| 654 | _aCPS | ||
| 942 |
_cLIB _dJUS _fJUS _2ddc _n |
||
| 999 |
_c1732 _d1732 |
||